Celebrities vs Movies - Statistics

General Stats
  • This quiz has been taken 993 times
    972 since last reset
  • The average score is 14 of 35
Answer Stats
Movie Celebrity % Correct
Edward Scissorhands Johnny Depp
87%
Forrest Gump Tom Hanks
76%
Pretty Woman Julia Roberts
70%
Ironman Robert Downey Jr
68%
Mean Girls Lindsay Lohan
67%
The Princess Diaries Anne Hathaway
66%
Inception Leonardo Dicaprio
59%
Easy A Emma Stone
58%
Rocky Sylvester Stallone
51%
Big Daddy Adam Sandler
48%
The Godfather Al Pacino
48%
Zoolander Ben Stiller
48%
Mary Poppins Julie Andrews
48%
Elf Will Ferrell
48%
Clueless Alicia Silverstone
46%
13 Going On 30 Jennifer Garner
44%
Jerry Mcguire Tom Cruise
41%
Moneyball Brad Pitt
39%
Daddy Day Care Eddie Murphy
38%
The Iron Lady Meryl Streep
35%
Sister Act Whoopi Goldberg
34%
127 Hours James Franco
30%
A Series of Unfortunate Events Jim Carrey
29%
Wayne's World Mike Myers
27%
Uncle Buck John Candy
26%
Field of Dreams Kevin Costner
23%
The Pink Panther Steve Martin
21%
Midnight in Paris Owen Wilson
20%
Flight Denzel Washington
18%
The Mighty Ducks Emilio Estevez
17%
Just Friends Ryan Reynolds
17%
Alfie Jude Law
15%
Swingers Vince Vaughn
9%
Rudy Sean Astin
8%
Chasing Mavericks Gerald Butler
1%
No matching quizzes found
Score Distribution
Percent of People with Each Score
Percentile by Number Answered
Your Score History
You have not taken this quiz since the last reset